| 000 | 00530nam a2200217Ia 4500 | ||
|---|---|---|---|
| 005 | 20250425161457.0 | ||
| 008 | 250425s9999 xx 000 0 und d | ||
| 020 | _a8432942138 | ||
| 041 | _aspa | ||
| 082 | _a621.32 | ||
| 100 | _aRAMIREZ VAZQUEZ, JOSE | ||
| 245 | 0 | _aBIBLIOTECA DE ELECTRICIDAD: PRACTICAS DE ELECTRICIDAD | |
| 250 | _a1A ED. | ||
| 260 | _aBARCELONA | ||
| 260 |
_aEspaƱa _bCEAC _c1983 |
||
| 300 | _a137 | ||
| 650 | _aELECTRICIDAD | ||
| 650 | _aTECNOLOGIA ELECTRICA | ||
| 942 | _c01 | ||
| 010 | _a21218 | ||
| 999 |
_c210063 _d210063 |
||